| 000 | 04036cam a22005297a 4500 | ||
|---|---|---|---|
| 999 |
_c329200 _d329200 |
||
| 001 | 16929603 | ||
| 003 | Nust | ||
| 005 | 20170426134953.0 | ||
| 008 | 110820s2009 dcua b 000 0 eng c | ||
| 010 |
_a 2009937432 _z 2011290883 |
||
| 020 | _a0309137128 (pbk. : alk. paper) | ||
| 020 | _a9780309137126 (pbk. : alk. paper) | ||
| 035 | _a(OCoLC)ocn402275958 | ||
| 040 |
_aYDXCP _cYDXCP _dBTCTA _dTXA _dNTD _dBWX _dUBY _dCDX _dAGL _dIXA _dVRC _dDEBBG _dDLC |
||
| 042 | _apcc | ||
| 043 | _an-us--- | ||
| 050 | 0 | 0 |
_aTP343 _b.L6795 2009 |
| 070 | 0 |
_aTP343 _b.L6795 2009 |
|
| 082 | _a577 NRC | ||
| 245 | 0 | 0 |
_aLiquid transportation fuels from coal and biomass : _btechnological status, costs, and environmental impacts / _cAmerica's Energy Future Panel on Alternative Liquid Transportation Fuels, National Academy of Sciences, National Academy of Engineering, National Research Council of the National Acadamies. |
| 260 |
_aWashington, D.C. : _bNational Academies Press, _cc2009. |
||
| 300 |
_axvii, 370 p. : _bill. (chiefly col.) ; _c26 cm. |
||
| 490 | 1 | _aAmerica's energy future series | |
| 504 | _aIncludes bibliographical references. | ||
| 505 | 0 | _aLiquid fuels for transportation -- Biomass resources for liquid transportation fuels -- Biochemical conversion of biomass -- Thermochemical conversion of coal and biomass -- Distribution -- Comparison of options and market penetration -- Overall findings and recommendations -- Key challenges to commercial deployment -- Other alternative fuel options. | |
| 520 | _a"The transportation sector cannot continue on its current path: The volatility of oil prices threatens the U.S. economy, the large proportion of oil importation threatens U.S. energy security, and the massive contribution of greenhouse gases threatens the environment. The development of domestic sources of alternative transportation fuels with lower greenhouse emissions is now a national imperative. Coal and biomass are in abundant supply in the United States and can be converted to liquid fuels that can be combusted in existing and future vehicles. Their abundant supply makes them attractive candidates to provide non-oil-based liquid fuels to the U.S. transportation system. However, there are important questions about the economic viability, carbon impact, and technology status of these options. Liquid Transportation Fuels from Coal and Biomass provides a snapshot of the potential costs of liquid fuels from biomass by biochemical conversion and from biomass and coal by thermochemical conversion. Policy makers, investors, leaders in industry, the transportation sector, and others with a concern for the environment, economy, and energy security will look to this book as a roadmap to independence from foreign oil. With immediate action and sustained effort, alternative liquid fuels can be available in the 2020 time frame, if or when the nation needs them"--Back cover. | ||
| 650 | 0 |
_aLiquid fuels _xTechnological innovations _zUnited States. |
|
| 650 | 0 |
_aLiquid fuels _xEnvironmental aspects _zUnited States. |
|
| 650 | 0 |
_aSynthetic fuels _xTechnological innovations _zUnited States. |
|
| 650 | 0 |
_aGasoline _xTechnological innovations _zUnited States. |
|
| 650 | 0 |
_aMotor fuels _zUnited States. |
|
| 650 | 0 |
_aBiomass energy _zUnited States. |
|
| 650 | 0 |
_aEnergy policy _zUnited States. |
|
| 650 | 0 |
_aEnergy conservation _zUnited States. |
|
| 650 | 0 |
_aFuel switching _zUnited States. |
|
| 650 | 0 | 7 |
_aBioenergie. _2swd |
| 650 | 0 | 7 |
_aEnergiepolitik. _2swd |
| 650 | 0 | 7 |
_aFlüssiger Brennstoff. _2swd |
| 650 | 0 | 7 |
_aKohle. _2swd |
| 650 | 0 | 7 |
_aTransport. _2swd |
| 651 | 7 |
_aUSA. _2swd |
|
| 710 | 2 | _aNational Academy of Sciences (U.S.) | |
| 710 | 2 | _aNational Academy of Engineering. | |
| 710 | 2 | _aNational Academies Press (U.S.) | |
| 710 | 2 |
_aNational Research Council (U.S.). _bPanel on Alternative Liquid Transportation Fuels. |
|
| 830 | 0 | _aAmerica's energy future series. | |
| 906 |
_a7 _bcbc _cpccadap _d2 _eepcn _f20 _gy-gencatlg |
||
| 942 |
_2ddc _cBK |
||